| 000 | 00755nam a2200229 a 4500 | ||
|---|---|---|---|
| 005 | 20210223125914.0 | ||
| 008 | 060504s2004 mx r 000 0 spa d | ||
| 020 | _a987110569X | ||
| 020 | _a9682326672 | ||
| 035 | _aUPN01000144244 | ||
| 049 | _aCG | ||
| 050 | 4 |
_aRA644 V5.5 _bL6.2 |
|
| 100 | 1 | _aLozano, Mario E. | |
| 245 | 1 | 0 |
_aAhà viene la plaga : _bvirus emergentes, epidemias y pandemias / _cMario E. Lozano. |
| 260 |
_aBuenos Aires : _bSiglo XXI : _bUniversidad Nacional de Quilmes, _cc2004. |
||
| 300 |
_a126 p. : _bil. |
||
| 440 | 0 | _aCiencia que ladra | |
| 650 | 4 |
_aEPIDEMIOLOGIA - _xTRABAJOS POPULARES _95511 |
|
| 650 | 4 |
_aENFERMEDADES POR VIRUS - _xTRABAJOS POPULARES _95513 |
|
| 650 | 4 |
_aVIRUS - _xTRABAJOS POPULARES _95512 |
|
| 905 | _aLibro | ||
| 999 |
_c116391 _d116391 |
||